Départements avec les plus grandes superficies de plans d'eau - Statistiques

Statistiques générales
  • Ce quiz a été pris 34 fois
  • Le résultat moyen est 12 sur 18
Statistiques - réponses
Superficie de
plans d'eau (km²)
Département % Correct
95,9 Haute-Savoie
88%
133,4 Savoie
84%
288,6 Bouches-du-Rhône
81%
136,5 Gironde
78%
110,3 Landes
78%
58,1 Pyrénées-Orientales
78%
177,7 Hérault
75%
50,1 Loiret
72%
103,5 Aude
69%
57,3 Isère
69%
85,8 Ain
66%
68,5 Gard
63%
54,5 Hautes-Alpes
59%
96 Indre
59%
66,1 Aube
56%
69,9 Loir-et-Cher
56%
189,7 Loire-Atlantique
53%
65,6 Marne
53%
Aucun quiz correspondant
Distribution des résultats
% des personnes avec chaque résultat
Percentile par nombre de réponses
Votre historique - résultats
Vous n’avez pas pris ce quiz